An Introduction to Medicinal Chemistry / (Record no. 13756)
[ view plain ]
| 000 -LEADER | |
|---|---|
| fixed length control field | 00490nam a22001697a 4500 |
| 003 - CONTROL NUMBER IDENTIFIER | |
| control field | OSt |
| 005 - DATE AND TIME OF LATEST TRANSACTION | |
| control field | 20140310182457.0 |
| 008 - FIXED-LENGTH DATA ELEMENTS--GENERAL INFORMATION | |
| fixed length control field | 130806t xxu||||| |||| 00| 0 eng d |
| 020 ## - INTERNATIONAL STANDARD BOOK NUMBER | |
| International Standard Book Number | 9780199234479 |
| 050 ## - LIBRARY OF CONGRESS CALL NUMBER | |
| Classification number | RS 403 |
| Item number | .P314 2009 |
| 100 ## - MAIN ENTRY--PERSONAL NAME | |
| Personal name | Patrick, Graham L. |
| 9 (RLIN) | 8452 |
| 245 ## - TITLE STATEMENT | |
| Title | An Introduction to Medicinal Chemistry / |
| Statement of responsibility, etc | Graham L. Patrick. |
| 260 ## - PUBLICATION, DISTRIBUTION, ETC. (IMPRINT) | |
| Place of publication, distribution, etc | New York: |
| Name of publisher, distributor, etc | Oxford University Press, |
| Date of publication, distribution, etc | c2009. |
| 300 ## - PHYSICAL DESCRIPTION | |
| Extent | 752 p. : |
| Other physical details | ill. ; |
| Dimensions | 27 cm. |
| 942 ## - ADDED ENTRY ELEMENTS (KOHA) | |
| Source of classification or shelving scheme | Library of Congress Classification |
| Koha item type | |
| Withdrawn status | Lost status | Source of classification or shelving scheme | Damaged status | Home library | Current library | Shelving location | Date acquired | Total Checkouts | Total Renewals | Full call number | Barcode | Date last seen | Date checked out | Copy number | Price effective from | Koha item type |
|---|---|---|---|---|---|---|---|---|---|---|---|---|---|---|---|---|
| Library of Congress Classification | South SEED-LPDH College Library | South SEED-LPDH College Library | South SEED-LPDH College Section | 08/06/2013 | 1 | 4 | RS 403 .P314 2009 | SSLC0516 | 07/01/2024 | 02/20/2024 | 1 | 08/06/2013 | Books |